000 00586nam a2200205Ia 4500
003 GCL
008 140319s9999 xx 000 0 ara d
040 _aGCL /
_cGCL
082 0 4 _aط
_b813.0876
_bا ط
100 1 _aاحمد نجيب
245 1 0 _aالطائرة وبالون البطة /
_cاحمد نجيب
490 _aالهيئة العامة للاستعلامات
_v0
650 0 4 _aالسيارات
650 0 4 _aالاطفال
650 0 4 _aالصواريخ
650 0 4 _aقصص الاطفال
650 0 4 _aالقطارات
650 0 4 _aالسفن
942 _2ddc
_cBK
999 _c51374
_d51374